00515nam a2200181Ia 4500008004100000082000800041100002900049245003300078250000600111260002800117300001000145500002400155650001600179700002400195942000700219952009000226999001700316230524s9999 xx 000 0 und d bBEH aSaumendra Behera 942025 0aAnalogue Electronics Circuit a1 aBBSRbLakhmi Pub.c2011 a324p: aQuantity Number: 1 aElectronics a B.C. Parida942026 cBK 00104070aTATCLbTATCLcGENd2023-05-24l0o BEHp53881r2023-05-24w2023-05-24yBK c56442d56442